• 首页
  • 本馆介绍
  • 公告通知
  • 最新文献
  • 馆藏检索
  • 电子资源
  • 读者导购
  • 参考咨询
  • 我的图书馆
  • 登录
  • 详细信息显示
  • 放入我的书架
  • 预约/预借图书
  • 作者相关作品
  • 分类相关作品
  • 丛书相关作品
  • 出版社相关作品

书目信息

  • 表格格式
  • 工作单格式
  • 卡片格式
题名:
高速铁路调度指挥
    
 
作者: 彭其渊 , 文超 主编
分册:  
出版信息: 北京   中国铁道出版社  2016
页数: 226页
开本: 23cm
丛书名:
单 册:
中图分类: U238
科图分类:
主题词: 高速铁路--列车调度--高等教育--教材
电子资源:
ISBN: 978-7-113-21482-1
000 01069nam0 2200277 450
001 2332832455
005 20231129090756.44
010    @a978-7-113-21482-1@dCNY29.50
090    @aU238@bpqy
096    @aU238@bpqy
100    @a20160804d2016 em y0chiy0120 ea
101 0  @achi
102    @aCN@b110000
105    @aa z 000yy
200 1  @a高速铁路调度指挥@9gao su tie lu diao du zhi hui@f彭其渊,文超主编
205    @a2版
210    @a北京@c中国铁道出版社@d2016
215    @a226页@c图@d23cm
300    @a“十二五”普通高等教育本科国家级规划教材 普通高等教育铁道部规划教材
330    @a本书介绍了我国高速铁路调度指挥系统设置及构成、高速铁路调度指挥系统各子系统及对调度指挥系统紧密相关的高速铁路列车运行控制系统、客运市场营销系统等系统的作业流程和功能,并将高速铁路车站作业组织作为调度指挥工作的重要内容之一进行了系统介绍。
606 0  @a高速铁路@x列车调度@x高等教育@j教材
690    @aU238@v5
701  0 @a彭其渊@9peng qi yuan@f(1962.7~)@4主编
701  0 @a文超@9wen chao@c(铁路运输)@4主编
801  2 @aCN@b58marc.cn@c20170721
905    @aBZT@dU238@e10=2
    
    高速铁路调度指挥/彭其渊,文超主编.-2版.-北京:中国铁道出版社,2016
    226页:图;23cm
    “十二五”普通高等教育本科国家级规划教材 普通高等教育铁道部规划教材
    
    ISBN 978-7-113-21482-1:CNY29.50
    本书介绍了我国高速铁路调度指挥系统设置及构成、高速铁路调度指挥系统各子系统及对调度指挥系统紧密相关的高速铁路列车运行控制系统、客运市场营销系统等系统的作业流程和功能,并将高速铁路车站作业组织作为调度指挥工作的重要内容之一进行了系统介绍。
●
相关链接 在五车中查询图书 在当当中查询图书 在豆瓣中查询图书


正题名:高速铁路调度指挥     索取号:U238/10=2         预约/预借

序号 登录号 条形码 馆藏地/架位号 状态 备注
1 2001183315   2001183315   东辅楼二楼书库/ [索取号:U238/10=2] 在馆    
2 2001183316   2001183316   东辅楼二楼书库/ [索取号:U238/10=2] 在馆    
3 2001183317   2001183317   东辅楼二楼书库/ [索取号:U238/10=2] 在馆    
4 2001183318   2001183318   东辅楼二楼书库/ [索取号:U238/10=2] 在馆    
5 2001183319   2001183319   东辅楼二楼书库/ [索取号:U238/10=2] 在馆    
6 2001183320   2001183320   东辅楼二楼书库/ [索取号:U238/10=2] 在馆    
7 2001183321   2001183321   东辅楼二楼书库/ [索取号:U238/10=2] 在馆    
8 2001183322   2001183322   东辅楼二楼书库/ [索取号:U238/10=2] 在馆    
9 2001183323   2001183323   东辅楼二楼书库/ [索取号:U238/10=2] 在馆    
10 2001183324   2001183324   东辅楼二楼书库/ [索取号:U238/10=2] 在馆    
11 2001183325   2001183325   东辅楼二楼书库/ [索取号:U238/10=2] 在馆    
12 2001183326   2001183326   东辅楼二楼书库/ [索取号:U238/10=2] 在馆    
13 2001183327   2001183327   东辅楼二楼书库/ [索取号:U238/10=2] 在馆    
14 2001183328   2001183328   东辅楼二楼书库/ [索取号:U238/10=2] 在馆    
15 2001183329   2001183329   东辅楼二楼书库/ [索取号:U238/10=2] 在馆    
16 2001183330   2001183330   东辅楼二楼书库/ [索取号:U238/10=2] 在馆    
17 2001183331   2001183331   东辅楼二楼书库/ [索取号:U238/10=2] 在馆    
18 2001183332   2001183332   东辅楼二楼书库/ [索取号:U238/10=2] 在馆    
19 2001183333   2001183333   东辅楼二楼书库/ [索取号:U238/10=2] 在馆    
20 2001183334   2001183334   东辅楼二楼书库/ [索取号:U238/10=2] 在馆    
21 2001183335   2001183335   东辅楼二楼书库/ [索取号:U238/10=2] 在馆    
22 2001183336   2001183336   东辅楼二楼书库/ [索取号:U238/10=2] 在馆    
23 2001183337   2001183337   东辅楼二楼书库/ [索取号:U238/10=2] 在馆    
24 2001183338   2001183338   东辅楼二楼书库/ [索取号:U238/10=2] 在馆    
25 2001183339   2001183339   东辅楼二楼书库/ [索取号:U238/10=2] 在馆    
26 2001183340   2001183340   东辅楼二楼书库/ [索取号:U238/10=2] 在馆    
27 2001183341   2001183341   东辅楼二楼书库/ [索取号:U238/10=2] 在馆    
28 2001183342   2001183342   东辅楼二楼书库/ [索取号:U238/10=2] 在馆    
29 2001183343   2001183343   东辅楼二楼书库/ [索取号:U238/10=2] 在馆    
30 2001183344   2001183344   东辅楼二楼书库/ [索取号:U238/10=2] 在馆    
山东省滨州职业学院图书馆 欢迎您!
大连网信软件有限公司© 版权所有